000 00809nam a2200289Ia 4500
003 OSt
005 20221006153212.0
006 a|||||r|||| 00| 0
007 ta
008 221006b |||||||| |||| 00| 0 kor d
020 _a9788953307902
_cW 5,500
024 _a31,589
037 _bGift, Korean Embassy
_cTextual
040 _aEASL
_cEASL
_bkor
041 _2kor
_akor
082 _aO111,3, P5
100 _aFRANK Anne Au.
_9662881
245 0 _aAnne-ui ilgi = The Diary of Anne Frank
260 _aSeoul
_bKyelim Korea
_c2005
300 _a215p.
_ccm.
490 _v KL
650 _a KL
650 _aStory
700 _a SONG Nyeon-Sik Ed.
_9662882
942 _hO111,3, P5
_cTEXL
_2CC
999 _c1099675
_d1099675